| 000 | 01181cam a2200337 i 4500 | ||
|---|---|---|---|
| 001 | 20766071 | ||
| 003 | OSt | ||
| 005 | 20231010092154.0 | ||
| 008 | 181203t20192019nyua b 001 0 eng | ||
| 010 | _a 2018966284 | ||
| 020 | _a9780367200558 | ||
| 020 |
_z125964197X _q(Hardcover : _qacid-free paper) |
||
| 040 |
_aDLC _beng _cDLC _erda _dDLC |
||
| 042 | _apcc | ||
| 050 | 0 | 0 |
_aGB661.2 _b.J35 2019 |
| 082 | _a620pAN 2019. | ||
| 100 | 1 |
_aPanigrahi,Balram;Panigrahi,Kajal; _eauthor. _916723 |
|
| 245 | 1 | 0 |
_aEngineering hydrology : _bPanigrahi,Balram;Panigrahi,Kajal; |
| 264 | 1 |
_aNew York : _bMcGraw-Hill Education, _c[2019] |
|
| 264 | 4 | _c© 2019. | |
| 300 |
_axxv, 667 pages : _billustrations ; _c25 cm |
||
| 336 |
_atext _btxt _2rdacontent |
||
| 337 |
_aunmediated _bn _2rdamedia |
||
| 338 |
_avolume _bnc _2rdacarrier |
||
| 504 | _aIncludes bibliographical references and index. | ||
| 650 | 0 |
_aHydrology _vTextbooks. _916724 |
|
| 650 | 0 |
_aHydraulic engineering _vTextbooks. _916725 |
|
| 906 |
_a7 _bcbc _corignew _d2 _eepcn _f20 _gy-gencatlg |
||
| 942 |
_2ddc _cO_SHELF |
||
| 999 |
_c8194 _d8194 |
||